000 00381 a2200145 4500
005 20250621120507.0
020 _a0-256-05626-9
082 _a658.84 CAT
100 _aCATEORA, P. R.
245 _aMarketing: An International Perspective
260 _aHomewood,
_bIrwin,
_c1987.
300 _axi, 172p.: ill.;
_bIndex,
_c22cm.
700 _aKEAVENEY, S. M.
942 _2ddc
_cBKS
999 _c1477
_d1477